<?xml version="1.0" encoding="UTF-8"?>
<collection xmlns="http://www.loc.gov/MARC21/slim">
 <record>
  <leader>00528pamaa2200157   4500</leader>
  <controlfield tag="001">0000023758</controlfield>
  <controlfield tag="005">20060522090000.0</controlfield>
  <datafield tag="020" ind1="0" ind2="0">
   <subfield code="a">0875801161 </subfield>
  </datafield>
  <datafield tag="082" ind1=" " ind2=" ">
   <subfield code="a">335.43092 GRA</subfield>
  </datafield>
  <datafield tag="090" ind1="0" ind2="0">
   <subfield code="a">HX289.7 </subfield>
   <subfield code="b">GRA 1986</subfield>
  </datafield>
  <datafield tag="100" ind1="1" ind2="0">
   <subfield code="a">GRAND </subfield>
  </datafield>
  <datafield tag="245" ind1="1" ind2="0">
   <subfield code="a">In Stalin's shadow : </subfield>
   <subfield code="b">Angelo Tasca and the crisis of the left in Italy and France, 1910-1945  </subfield>
   <subfield code="c">Alexander J. De Grand.</subfield>
  </datafield>
  <datafield tag="260" ind1="0" ind2="0">
   <subfield code="a">Illionis: </subfield>
   <subfield code="b">Northern Illionis University Press, </subfield>
   <subfield code="c">1986.</subfield>
  </datafield>
  <datafield tag="300" ind1=" " ind2=" ">
   <subfield code="a">231p.; </subfield>
   <subfield code="c">24cm.</subfield>
  </datafield>
  <datafield tag="650" ind1="0" ind2="0">
   <subfield code="a">Tasca Angelo, 1829-1960 </subfield>
  </datafield>
  <datafield tag="650" ind1="0" ind2="0">
   <subfield code="a">Communists -- </subfield>
   <subfield code="x">Biography -- </subfield>
   <subfield code="z">Italy </subfield>
  </datafield>
 </record>
</collection>
